000 00698nam a2200241Ia 4500
003 OSt
005 20220926005420.0
006 a|||||r|||| 00| 0
007 ta
008 220923b |||||||| |||| 00| 0 eng d
020 _a9788184112016
037 _cGeneral Book
040 _aRTL
_cRTL
_beng
041 _2eng
_aeng
082 _aX625(J).2.P09, P9
100 _aNARASAIAN M Lakshmi
_9310255
245 0 _aCommercial banks and agricultural finance.
260 _a New Delhi
_bSonali Publications
_c2009
300 _a286p.
_ccm.
500 _aBibliography :P.271-282
942 _hX625(J).2.P09, P9
_cGB
_2CC
999 _c613759
_d613759